000 00324nam a2200121 a 4500
008 100921s1960|||| d
245 1 0 _aUčeníci Ježišovi
100 1 _aFrank, Leonhard
260 _bSlovenské vydavateľstvo politickej literatúry
_c1960
_aBratislava
020 _c9,80
044 _axo
_cSK
041 _aslo
999 _c10568
_d10568